000 00333nam a22001337a 4500
005 20250901165813.0
008 250328b |||||||| |||| 00| 0 eng d
020 _a9789966363041
050 _aPL 8704 .K34 2000
245 _aTumbo
_cMwanitu Kagubila
260 _aNairobi:
_bLonghorn,
_c2000.
300 _a83 p.:
_c21 cm.
942 _2lcc
999 _c9436
_d9436